000 00709cam a22002413a 4500
001 35573
003 PGUSA
005 20140828083751.0
008 110314s2011||||xxu|||||s|||||000 | eng d
040 _aPGUSA
_beng
042 _adc
050 4 _aF001
100 1 _aRobinson, Rowland Evans,
_d1833-1900
245 1 0 _aVermont :
_bA Study of Independence
_h[electronic resource] /
_cRowland Evans Robinson
260 _bProject Gutenberg,
_c2011
506 _aPublic domain in the USA.
516 _aElectronic text
653 _aVermont -- History
700 1 _aScudder, Horace Elisha,
_d1838-1902
830 0 _aProject Gutenberg
_v35573
856 4 0 _uhttp://www.gutenberg.org/ebooks/35573
942 _cEB
999 _c264828
_d264828